[Event "61st ch-RUS HL w"]
[Site "Taganrog RUS"]
[Date "2011.06.16"]
[Round "2"]
[White "Shadrina,T"]
[Black "Kostrikina,A"]
[Result "1-0"]
[WhiteElo "2397"]
[BlackElo "2072"]
[EventDate "2011.06.15"]

1. e4 c5 2. Nf3 e6 3. d4 cxd4 4. Nxd4 Nf6 5. Nc3 d6 6. Be2 Be7 7. O-O O-O
8. Be3 Nc6 9. f4 e5 10. Nf5 Bxf5 11. exf5 exf4 12. Bxf4 Qb6+ 13. Kh1 Qxb2
14. Qd2 Qb6 15. Rab1 Qc7 16. Bf3 a6 17. g4 h6 18. Bxh6 Ne5 19. Rxb7 Nxf3
20. Rxc7 Nxd2 21. Bxd2 Bd8 22. Rc4 d5 23. Ra4 Re8 24. Re1 Rxe1+ 25. Bxe1 a5
26. g5 Ne4 27. Nxe4 dxe4 28. Bd2 Bc7 29. Rxe4 Rd8 30. Bc3 Kf8 31. Rd4 Re8
32. Rd7 Be5 33. Bxa5 1-0

[Event "61st ch-RUS HL w"]
[Site "Taganrog RUS"]
[Date "2011.06.16"]
[Round "2"]
[White "Drozdova,D"]
[Black "Ivakhinova,I"]
[Result "1-0"]
[WhiteElo "2239"]
[BlackElo "2326"]
[EventDate "2011.06.15"]

1. d4 d5 2. Nf3 Nf6 3. g3 e6 4. Bg2 c5 5. c4 Nc6 6. O-O Be7 7. Nc3 dxc4 8.
Qa4 cxd4 9. Nxd4 Qxd4 10. Bxc6+ Bd7 11. Rd1 Bxc6 12. Qxc6+ bxc6 13. Rxd4
Nd5 14. Rxc4 c5 15. Ne4 Rc8 16. Bd2 f5 17. Ng5 Rc6 18. e4 Nb6 19. Rc2 O-O
20. Re1 h6 21. Nf3 fxe4 22. Ne5 Rd6 23. Ng6 Re8 24. Nxe7+ Rxe7 25. Be3 Nd7
26. Rxc5 Nxc5 27. Bxc5 Red7 28. Bxd6 Rxd6 29. Rxe4 Kf7 30. Ra4 a6 31. Ra5
Kf6 32. Kg2 Rc6 33. h4 g6 34. Kf3 Rd6 35. b3 Rc6 36. Ke4 Rb6 37. Ke3 Rd6
38. b4 Rb6 39. a3 Rd6 40. g4 e5 41. Rc5 Ke6 42. g5 hxg5 43. hxg5 Rd1 44. f4
exf4+ 45. Kxf4 Rf1+ 46. Ke3 Rd1 47. Ra5 Rd6 48. Ke4 Rc6 49. Rc5 Rb6 50.
Re5+ Kd6 51. Kd4 Kd7 52. Rd5+ Ke6 53. Rc5 Kd7 54. Re5 Kd6 55. Ra5 Kd7 56.
Kc4 Re6 57. a4 Kc7 58. Rc5+ Kd6 59. Kd4 Kd7 60. Rd5+ Kc7 61. Re5 Rb6 62.
Kc4 Kd7 63. b5 axb5+ 64. axb5 Kd6 65. Re8 Kd7 66. Rf8 Re6 67. Rf7+ Kd8 68.
Kd5 Re1 69. Rg7 Rb1 70. Kc6 Rc1+ 71. Kb6 Re1 72. Rxg6 Re7 73. Rf6 Re5 74.
g6 Rg5 75. Kc6 Rg2 76. b6 Rc2+ 77. Kb7 Rg2 78. Kb8 Ke7 79. Rc6 1-0

[Event "61st ch-RUS HL w"]
[Site "Taganrog RUS"]
[Date "2011.06.16"]
[Round "2"]
[White "Ivkina,O"]
[Black "Bezgodova,S"]
[Result "0-1"]
[WhiteElo "2294"]
[BlackElo "2154"]
[EventDate "2011.06.15"]

1. e4 e5 2. Nf3 Nc6 3. Bb5 a6 4. Ba4 Nf6 5. O-O Be7 6. Re1 b5 7. Bb3 d6 8.
a4 Bb7 9. c3 O-O 10. d4 Na5 11. Bc2 c5 12. dxe5 dxe5 13. Qe2 Nc4 14. Nbd2
Nxd2 15. Bxd2 Qb8 16. axb5 axb5 17. Qxb5 Rxa1 18. Rxa1 Bxe4 19. Qxb8 Rxb8
20. Bxe4 Nxe4 21. Nxe5 f6 22. Nc6 Rxb2 23. Be1 Bf8 24. f3 Ng5 25. Bg3 Rc2
26. h4 Ne6 27. Re1 Kf7 28. Re3 Rc1+ 29. Kh2 c4 30. f4 Bc5 31. Rf3 Bg1+ 32.
Kh3 Bb6 33. f5 Nf8 34. Bf4 Rh1+ 35. Kg4 g6 36. Bd6 h5+ 37. Kg3 g5 38. hxg5
fxg5 39. Ne5+ Kf6 40. Nxc4 Nd7 41. Nd2 Re1 42. c4 Re2 43. Rd3 g4 44. Kh4
Kxf5 45. Nf1 Kg6 46. Kg3 Bf2+ 47. Kf4 Nf6 48. Ne3 Bg1 49. g3 Bh2 50. c5 Bg1
51. c6 Bxe3+ 52. Rxe3 Nd5+ 53. Ke4 Nxe3 54. Kd3 Nf5 55. Kxe2 Nxd6 56. Kd3
Kf5 57. Kd4 Ke6 58. c7 Kd7 0-1

[Event "61st ch-RUS HL w"]
[Site "Taganrog RUS"]
[Date "2011.06.16"]
[Round "2"]
[White "Severiukhina,Z"]
[Black "Severina,M"]
[Result "1-0"]
[WhiteElo "2291"]
[BlackElo "2104"]
[EventDate "2011.06.15"]

1. e4 e5 2. Nf3 Nc6 3. Bb5 a6 4. Ba4 Nf6 5. O-O Be7 6. Re1 b5 7. Bb3 d6 8.
c3 O-O 9. h3 Nb8 10. d4 Nbd7 11. Nbd2 Bb7 12. Bc2 Re8 13. Nf1 Bf8 14. Ng3
g6 15. Bg5 h6 16. Bd2 Bg7 17. a4 c5 18. d5 c4 19. b4 cxb3 20. Bxb3 Nc5 21.
c4 bxa4 22. Bxa4 Nxa4 23. Qxa4 Nd7 24. Ba5 Qe7 25. Rab1 Nc5 26. Qa3 Bc8 27.
Rb6 Nb7 28. Bb4 Qc7 29. Rc6 Qb8 30. Rxa6 Rxa6 31. Qxa6 Bd7 32. Qb6 Rc8 33.
Rb1 Qc7 34. Qa7 Bf8 35. Nxe5 Nd8 36. Qxc7 Rxc7 37. Nxd7 Rxd7 38. Bc3 Nb7
39. e5 Rc7 40. Ne4 Rxc4 41. Rxb7 Rxe4 42. Rb8 dxe5 43. d6 Kg7 44. d7 Be7
45. Re8 Kf6 46. f4 Bc5+ 47. Kh2 Bb6 48. Bxe5+ Kf5 49. g4+ 1-0

[Event "61st ch-RUS HL w"]
[Site "Taganrog RUS"]
[Date "2011.06.17"]
[Round "3"]
[White "Gunina,V"]
[Black "Bodnaruk,A"]
[Result "1-0"]
[WhiteElo "2487"]
[BlackElo "2419"]
[EventDate "2011.06.15"]

1. d4 Nf6 2. Nf3 g6 3. c4 Bg7 4. g3 O-O 5. Bg2 d6 6. O-O Nc6 7. Nc3 a6 8.
h3 Nd7 9. e4 Na5 10. Qe2 e5 11. d5 c5 12. Rb1 Rb8 13. Bg5 f6 14. Bd2 f5 15.
exf5 gxf5 16. Ng5 Nf6 17. f4 Qe8 18. fxe5 dxe5 19. g4 fxg4 20. Nce4 gxh3
21. Nxf6+ Bxf6 22. Be4 Bxg5 23. Bxg5 Bd7 24. Kh2 Nxc4 25. Bh6 Rxf1 26. Rxf1
Kh8 27. Rg1 Qf7 28. Bg7+ Qxg7 29. Rxg7 Kxg7 30. Qxc4 Rf8 31. Qxc5 Rf7 32.
d6 Kh6 33. Qxe5 Rf2+ 34. Kg3 Rf1 35. Kh4 Rg1 36. Qf6+ 1-0

[Event "61st ch-RUS HL w"]
[Site "Taganrog RUS"]
[Date "2011.06.17"]
[Round "3"]
[White "Charochkina,D"]
[Black "Zaiatz,E"]
[Result "1/2-1/2"]
[WhiteElo "2320"]
[BlackElo "2430"]
[EventDate "2011.06.15"]

1. e4 e5 2. Nf3 Nc6 3. d4 exd4 4. Nxd4 Bc5 5. Be3 Qf6 6. c3 Nge7 7. Bc4 O-O
8. O-O b6 9. b4 Bxd4 10. cxd4 d5 11. exd5 Nxb4 12. Nc3 Bf5 13. Bf4 b5 14.
Nxb5 Nbxd5 15. Be5 Qg6 16. Re1 c6 17. Nd6 Bg4 18. Qb3 a5 19. Rac1 Be6 20.
Bd3 Qh6 21. Bc4 Qg6 22. Bd3 Qh6 23. Bc4 1/2-1/2

[Event "61st ch-RUS HL w"]
[Site "Taganrog RUS"]
[Date "2011.06.17"]
[Round "3"]
[White "Kovalevskaya,E"]
[Black "Bukhteeva,V"]
[Result "1-0"]
[WhiteElo "2427"]
[BlackElo "2178"]
[EventDate "2011.06.15"]

1. c4 e6 2. g3 d5 3. Bg2 Nf6 4. Nf3 dxc4 5. Na3 Nbd7 6. Nxc4 Be7 7. O-O O-O
8. d4 c5 9. Qc2 cxd4 10. Nxd4 Nd5 11. e4 Nb4 12. Qc3 Qc7 13. Bf4 Qc5 14.
Rfd1 Nb6 15. Nxb6 axb6 16. Be3 Qxc3 17. bxc3 e5 18. cxb4 exd4 19. Bxd4 Bxb4
20. Bxb6 Be6 21. a4 Bb3 22. Rd7 Bc3 23. Rc1 Bxa4 24. Rxb7 Bb2 25. Rb1 Be5
26. f4 Bc3 27. e5 Rac8 28. Be4 h6 29. Kf2 g5 30. Ke3 Kg7 31. Bc7 Ra8 32.
Bd6 Rfd8 33. Rc7 Ba5 34. Rc4 1-0

[Event "61st ch-RUS HL w"]
[Site "Taganrog RUS"]
[Date "2011.06.17"]
[Round "3"]
[White "Girya,O"]
[Black "Vasilevich,I"]
[Result "0-1"]
[WhiteElo "2394"]
[BlackElo "2342"]
[EventDate "2011.06.15"]

1. d4 Nf6 2. Nf3 e6 3. c4 Nc6 4. Nc3 Bb4 5. e3 d6 6. Be2 O-O 7. Qb3 e5 8.
O-O Bxc3 9. Qxc3 Bg4 10. Re1 Re8 11. d5 Ne7 12. b3 Ng6 13. Bb2 Ne4 14. Qc2
f5 15. h3 Bxf3 16. Bxf3 Ng5 17. Be2 f4 18. exf4 Nxf4 19. Bf1 Rf8 20. Re3
Rf6 21. h4 Nf7 22. g3 Rg6 23. Kh1 Nh6 24. gxf4 Qxh4+ 25. Rh3 Qxf4 26. Re1
Qg5 27. Rg3 Ng4 28. Kg1 Qh4 29. Bg2 Qh2+ 30. Kf1 Rf8 31. Rf3 Qxg2+ 32. Kxg2
Ne3+ 33. Kh2 Nxc2 34. Rxf8+ Kxf8 35. Re4 Nb4 36. c5 Nd3 37. cxd6 cxd6 38.
Ba3 Nxf2 39. Rc4 Ng4+ 40. Kh3 Nf2+ 41. Kh2 h5 42. Rc8+ Ke7 43. Rc7+ Ke8 44.
Rxb7 h4 45. Rb8+ Kf7 46. Rb7+ Kg8 47. Rb8+ Kh7 48. Rf8 Ne4 49. Kh3 Rg3+ 50.
Kxh4 g5+ 51. Kh5 Kg7 0-1

[Event "61st ch-RUS HL w"]
[Site "Taganrog RUS"]
[Date "2011.06.17"]
[Round "3"]
[White "Romanko,M"]
[Black "Zizlova,S"]
[Result "1-0"]
[WhiteElo "2387"]
[BlackElo "2149"]
[EventDate "2011.06.15"]

1. d4 Nf6 2. c4 c5 3. d5 e6 4. Nc3 exd5 5. cxd5 d6 6. e4 g6 7. Nf3 Bg7 8.
h3 O-O 9. Bd3 b5 10. Nxb5 Re8 11. O-O Nxe4 12. Re1 a6 13. Nc3 Nxc3 14. bxc3
Rxe1+ 15. Qxe1 Bb7 16. Bg5 Qc8 17. Bc4 Nd7 18. Rb1 Nf6 19. Qe7 Bxd5 20.
Bxf6 Bxf6 21. Qxf6 Bxc4 22. Qxd6 Bxa2 23. Rb6 a5 24. Ne5 Qf5 25. Nd7 h5 26.
Nxc5 Qd5 27. Qe7 Qd1+ 28. Kh2 Qd2 29. Ne4 Qf4+ 30. g3 Qf5 31. Rf6 Qc8 32.
Rxg6+ Kh7 33. Rg5 Qe6 34. Rxh5+ 1-0

[Event "61st ch-RUS HL w"]
[Site "Taganrog RUS"]
[Date "2011.06.17"]
[Round "3"]
[White "Belenkaya,D"]
[Black "Matveeva,S"]
[Result "0-1"]
[WhiteElo "2198"]
[BlackElo "2380"]
[EventDate "2011.06.15"]

1. d4 Nf6 2. c4 e6 3. Nf3 b6 4. Bg5 h6 5. Bh4 g5 6. Bg3 Ne4 7. Nbd2 Nxg3 8.
hxg3 Bg7 9. e4 d6 10. Nb3 Bb7 11. Bd3 c5 12. Qe2 cxd4 13. Nfxd4 Nd7 14. Rc1
a6 15. Bb1 Qf6 16. Rd1 Nc5 17. O-O h5 18. Nxc5 dxc5 19. Nf3 g4 20. Nh4 Qxb2
21. Qd3 Bd4 22. Rd2 Qc3 23. Qe2 O-O-O 24. Rc2 Qxg3 25. Rb2 Qxh4 26. Rxb6 g3
0-1

[Event "61st ch-RUS HL w"]
[Site "Taganrog RUS"]
[Date "2011.06.17"]
[Round "3"]
[White "Kovanova,B"]
[Black "Travkina,A"]
[Result "1-0"]
[WhiteElo "2361"]
[BlackElo "2176"]
[EventDate "2011.06.15"]

1. e4 c5 2. Nf3 d6 3. d4 cxd4 4. Nxd4 Nf6 5. Nc3 g6 6. Be3 Bg7 7. f3 Nc6 8.
Qd2 O-O 9. O-O-O d5 10. Kb1 Nxd4 11. e5 Nxf3 12. gxf3 Nh5 13. Nxd5 Be6 14.
f4 Bxd5 15. Qxd5 Qxd5 16. Rxd5 Bh6 17. Bc4 Rfc8 18. b3 Rc7 19. Rhd1 Bxf4
20. Rd8+ Rxd8 21. Rxd8+ Kg7 22. Bxa7 b5 23. Bb8 Rc5 24. Be2 b4 25. Ba7 Rc7
26. Bb6 Rb7 27. Bd4 e6 28. c4 bxc3 29. Kc2 f6 30. Bxh5 gxh5 31. exf6+ Kg6
32. Rg8+ Kf5 33. Rg7 Rb8 34. f7 Bd6 35. Rg8 Rb5 36. f8=Q Bxf8 37. Rxf8+ Ke4
38. Kxc3 Rd5 39. Bf2 Rd3+ 40. Kc4 Rh3 41. Bg3 h4 42. Rf4+ 1-0

[Event "61st ch-RUS HL w"]
[Site "Taganrog RUS"]
[Date "2011.06.17"]
[Round "3"]
[White "Bezgodova,S"]
[Black "Pustovoitova,D"]
[Result "0-1"]
[WhiteElo "2154"]
[BlackElo "2306"]
[EventDate "2011.06.15"]

1. Nf3 Nf6 2. b3 c5 3. Bb2 e6 4. e3 b6 5. Be2 Bb7 6. O-O Be7 7. c4 O-O 8.
Nc3 d5 9. cxd5 exd5 10. d4 Nbd7 11. Rc1 Rc8 12. dxc5 bxc5 13. Qd3 Qc7 14.
Rfd1 Rfd8 15. Qf5 Qb6 16. Ng5 h6 17. Nxf7 Kxf7 18. Nxd5 Bxd5 19. Rxd5 Kg8
20. Qg6 Nf8 21. Bc4 Nxg6 22. Rxd8+ Kh7 23. Rxc8 Qb7 24. Be6 Nh4 25. Bh3 Ng4
26. Re8 Bd6 27. Rd8 Bxh2+ 28. Kf1 Qa6+ 29. Rc4 Qxa2 30. Rd2 h5 31. Rxc5
Qa6+ 32. Ke1 Ne5 33. Rxe5 Bxe5 34. Bxe5 Qb5 35. f4 Qxb3 36. Kf2 a5 37. g3
Ng6 38. Bf5 h4 39. gxh4 Qf7 40. Bc2 Qe7 41. Kg1 Qb4 42. Re2 Kh6 43. Bxg6
Kxg6 44. Kh2 Kf5 45. Rg2 Qe1 46. Rg5+ Ke4 47. Rg3 g6 48. Bd4 a4 49. Kh3 a3
50. Kg4 a2 51. Rg2 Qh1 52. Rg3 Qe1 53. Rg2 a1=Q 54. Bxa1 Qxa1 55. Kg5 Kf3
56. Rc2 Qg1+ 57. Kh6 Qxe3 58. Rc6 Qxf4+ 59. Kg7 Qe5+ 60. Rf6+ Kg4 61. Kxg6
Kxh4 62. Rf7 Qg5+ 63. Kh7 Kh5 64. Kh8 Qe5+ 65. Kh7 Kg5 66. Rg7+ Kf6 67. Kg8
Qh5 68. Rg3 Qe8+ 69. Kh7 Qe4+ 70. Kg8 Qc4+ 0-1

[Event "61st ch-RUS HL w"]
[Site "Taganrog RUS"]
[Date "2011.06.17"]
[Round "3"]
[White "Kostrikina,A"]
[Black "Savina,A"]
[Result "1-0"]
[WhiteElo "2072"]
[BlackElo "2389"]
[EventDate "2011.06.15"]

1. e4 c5 2. Nf3 e6 3. d4 cxd4 4. Nxd4 a6 5. Bd3 Bc5 6. Nb3 Ba7 7. O-O Nc6
8. Qe2 d6 9. Be3 Nf6 10. c4 e5 11. Nc3 O-O 12. Bxa7 Rxa7 13. Rfd1 Nb4 14.
Qe3 b6 15. Bb1 Be6 16. a3 Nc6 17. Nd5 Nd7 18. Nc1 b5 19. Nb4 Nd4 20. cxb5
axb5 21. Ne2 Nxe2+ 22. Qxe2 Qb6 23. Bd3 Nc5 24. Qe3 Qb7 25. Bc2 Rd8 26.
Qxc5 1-0

[Event "61st ch-RUS HL w"]
[Site "Taganrog RUS"]
[Date "2011.06.17"]
[Round "3"]
[White "Balaian,Ali"]
[Black "Semenova,E"]
[Result "0-1"]
[WhiteElo "2163"]
[BlackElo "2188"]
[EventDate "2011.06.15"]

1. e4 e5 2. Nf3 Nc6 3. Bb5 a6 4. Ba4 Nge7 5. O-O g6 6. c3 Bg7 7. d4 b5 8.
Bb3 exd4 9. cxd4 O-O 10. Nc3 d6 11. h3 Na5 12. Bc2 c5 13. Bf4 Nc4 14. Rb1
Bb7 15. Ne2 Nc6 16. a3 Nxd4 17. Nexd4 cxd4 18. Nxd4 Rc8 19. Bc1 d5 20. b3
Nd6 21. exd5 Bxd4 22. Qxd4 Rxc2 23. Bh6 Nf5 24. Qd3 Nxh6 25. Qxc2 Qxd5 26.
f3 Nf5 27. Rbd1 Qe6 28. Rfe1 Qf6 29. Qc7 Bc8 30. Re4 Be6 31. Qb6 Qb2 32.
Qxa6 Ng3 33. Re3 Ne2+ 34. Kh1 Nf4 35. Rg1 Qf2 36. Rxe6 fxe6 37. Qxb5 Ne2
38. Ra1 Rxf3 39. Qe8+ Kg7 40. Qd7+ Kh6 41. Qxe6 Rg3 0-1

[Event "61st ch-RUS HL w"]
[Site "Taganrog RUS"]
[Date "2011.06.17"]
[Round "3"]
[White "Severina,M"]
[Black "Ivkina,O"]
[Result "1-0"]
[WhiteElo "2104"]
[BlackElo "2294"]
[EventDate "2011.06.15"]

1. d4 Nf6 2. c4 g6 3. Nc3 Bg7 4. e4 d6 5. Nf3 O-O 6. Be2 c5 7. O-O Nc6 8.
d5 Na5 9. Rb1 e5 10. dxe6 fxe6 11. Bg5 e5 12. Nb5 h6 13. Bxf6 Rxf6 14. Nxe5
Kh7 15. Nf3 Qe7 16. Nc3 Rxf3 17. Bxf3 Nxc4 18. Be2 Ne5 19. f4 Nc6 20. f5
Qg5 21. Qxd6 gxf5 22. exf5 Bxf5 23. Rxf5 Qxf5 24. Qc7 Re8 25. Rf1 Qg6 26.
Qxb7 Re3 27. Nd5 Nd8 28. Qd7 Re6 29. Bd3 1-0

[Event "61st ch-RUS HL w"]
[Site "Taganrog RUS"]
[Date "2011.06.19"]
[Round "4"]
[White "Zaiatz,E"]
[Black "Gunina,V"]
[Result "1-0"]
[WhiteElo "2430"]
[BlackElo "2487"]
[EventDate "2011.06.15"]

1. d4 d5 2. c4 c6 3. Nf3 Nf6 4. Nc3 dxc4 5. a4 Bf5 6. Nh4 e6 7. Nxf5 exf5
8. e3 Bb4 9. Bxc4 O-O 10. Qc2 g6 11. O-O Nbd7 12. f3 Nb6 13. Bb3 a5 14. Qf2
c5 15. Na2 cxd4 16. Nxb4 axb4 17. Rd1 d3 18. Bd2 Qd6 19. Qh4 Nbd5 20. Qd4
Rfd8 21. Be1 Qc6 22. Bh4 Rd7 23. Rac1 Qa6 24. Bc4 Qe6 25. Rxd3 Rc8 26. Rcd1
Rxc4 27. Qxc4 Rc7 28. Qb3 Kg7 29. Rxd5 Nxd5 30. Qxd5 Qxd5 31. Rxd5 Rc1+ 32.
Kf2 Rc2+ 33. Kg3 Rxb2 34. Rb5 b3 35. a5 Ra2 36. Bd8 b2 37. Rxb7 h5 38. h4
1-0

[Event "61st ch-RUS HL w"]
[Site "Taganrog RUS"]
[Date "2011.06.19"]
[Round "4"]
[White "Bodnaruk,A"]
[Black "Kovanova,B"]
[Result "1-0"]
[WhiteElo "2419"]
[BlackElo "2361"]
[EventDate "2011.06.15"]

1. e4 e5 2. Nf3 Nc6 3. Bb5 a6 4. Ba4 Nf6 5. O-O Be7 6. Re1 b5 7. Bb3 d6 8.
c3 O-O 9. h3 Be6 10. d4 Bxb3 11. axb3 Qc8 12. Bg5 h6 13. Bh4 Re8 14. Nbd2
exd4 15. Nxd4 Nxd4 16. cxd4 c5 17. e5 dxe5 18. dxe5 Nd5 19. Ne4 Qc6 20.
Bxe7 Rxe7 21. Nd6 Nb4 22. Qg4 h5 23. Qxh5 Nd3 24. Re4 g6 25. Qg5 Re6 26.
Rh4 Qd5 27. Qh6 Qxe5 28. Qh7+ 1-0

[Event "61st ch-RUS HL w"]
[Site "Taganrog RUS"]
[Date "2011.06.19"]
[Round "4"]
[White "Pustovoitova,D"]
[Black "Ovod,E"]
[Result "0-1"]
[WhiteElo "2306"]
[BlackElo "2404"]
[EventDate "2011.06.15"]

1. d4 Nf6 2. c4 e6 3. Nc3 Bb4 4. Qc2 O-O 5. a3 Bxc3+ 6. Qxc3 d6 7. Bg5 c5
8. dxc5 dxc5 9. e3 Nc6 10. Nf3 h6 11. Rd1 Qa5 12. Qxa5 Nxa5 13. Bf4 b6 14.
Ne5 Bb7 15. b4 cxb4 16. axb4 Nc6 17. Nxc6 Bxc6 18. f3 Rfe8 19. e4 e5 20.
Be3 Bd7 21. Kf2 Be6 22. c5 bxc5 23. bxc5 a5 24. c6 Rec8 25. Bb5 a4 26. Bb6
Rab8 27. c7 Rxb6 28. Rd8+ Kh7 29. Rxc8 Bxc8 30. Bxa4 Rb4 31. Ra1 Rc4 32.
Bb3 Rxc7 33. Ra5 Re7 34. g4 g5 35. Kg3 h5 36. h4 gxh4+ 37. Kxh4 hxg4 38.
fxg4 Nxg4 39. Ra8 Bb7 40. Ra5 Nf6 41. Bxf7 Rxf7 42. Rxe5 Kh6 43. Rf5 Bxe4
44. Rf4 Kg6 45. Rf1 Rh7+ 46. Kg3 Kg5 47. Ra1 Rd7 48. Ra5+ Rd5 49. Rxd5+
Nxd5 50. Kf2 Kf4 51. Ke2 Nc3+ 52. Kd2 Na2 53. Ke2 Bf5 54. Kd2 Kf3 55. Ke1
Ke3 56. Kd1 Be4 57. Ke1 Bf3 58. Kf1 Nb4 59. Kg1 Nc2 60. Kh2 Nd4 61. Kh3 Nf5
62. Kh2 Kf2 63. Kh3 Bh5 64. Kh2 Bg4 65. Kh1 Ng3+ 66. Kh2 Nf1+ 0-1

[Event "61st ch-RUS HL w"]
[Site "Taganrog RUS"]
[Date "2011.06.19"]
[Round "4"]
[White "Matveeva,S"]
[Black "Tomilova,E"]
[Result "0-1"]
[WhiteElo "2380"]
[BlackElo "2317"]
[EventDate "2011.06.15"]

1. d4 d5 2. c4 c6 3. Nc3 dxc4 4. e4 b5 5. a4 b4 6. Nb1 Ba6 7. Nf3 Nf6 8. e5
Nd5 9. e6 f6 10. Be2 Qc8 11. O-O Qxe6 12. Re1 Qf7 13. Nbd2 Nf4 14. Bf1 Qg6
15. Ne4 Nh3+ 16. Kh1 Qxe4 17. gxh3 Qf5 18. Bg2 Nd7 19. Bd2 Qa5 20. Re6 c3
21. bxc3 bxc3 22. Be1 Rc8 23. Rc1 Bc4 24. Re3 Qh5 25. Bxc3 e6 26. Bd2 Bd5
27. Qe2 Be7 28. Rxe6 Bxe6 29. Qxe6 Qf7 30. Qf5 Nb6 31. a5 g6 32. Qg4 h5 33.
Qe4 Nd5 34. Nh4 f5 35. Qe5 Kd7 36. Rxc6 Kxc6 37. Nxg6 Qxg6 38. Qxd5+ Kc7
39. Qb7+ Kd8 40. a6 Qe6 41. Ba5+ Ke8 42. Bd5 Rg8 43. Bd2 Rc1+ 0-1

[Event "61st ch-RUS HL w"]
[Site "Taganrog RUS"]
[Date "2011.06.19"]
[Round "4"]
[White "Shadrina,T"]
[Black "Girya,O"]
[Result "1-0"]
[WhiteElo "2397"]
[BlackElo "2394"]
[EventDate "2011.06.15"]

1. e4 c6 2. d4 d5 3. e5 Bf5 4. Nf3 e6 5. Be2 Nd7 6. Nbd2 Ne7 7. O-O Nc8 8.
a4 Be7 9. b3 O-O 10. c4 a5 11. Bb2 Nb8 12. Ne1 Na6 13. f4 dxc4 14. bxc4 Qb6
15. Qc1 Bg6 16. Kh1 Bb4 17. c5 Qc7 18. Nc4 b6 19. Nd6 bxc5 20. Bxa6 Rxa6
21. dxc5 Ra8 22. Nf3 Qa7 23. Bd4 Nxd6 24. exd6 f6 25. Qe3 Rae8 26. Rac1 Qa6
27. Rfd1 Bh5 28. h3 Kh8 29. g4 Bf7 30. Bb2 e5 31. d7 Rd8 32. fxe5 fxe5 33.
Qxe5 Rg8 34. Ng5 Bg6 35. Ne6 1-0

[Event "61st ch-RUS HL w"]
[Site "Taganrog RUS"]
[Date "2011.06.19"]
[Round "4"]
[White "Kindinova,E"]
[Black "Drozdova,D"]
[Result "1/2-1/2"]
[WhiteElo "2159"]
[BlackElo "2239"]
[EventDate "2011.06.15"]

1. e4 c6 2. d4 d5 3. e5 c5 4. dxc5 Nc6 5. Bb5 e6 6. Be3 Nge7 7. Nf3 Bd7 8.
Bxc6 Nxc6 9. O-O Qc7 10. Re1 Nxe5 11. Nxe5 Qxe5 12. Nc3 Be7 13. Bd4 Qf5 14.
Re5 Qg6 15. Re3 Bc6 16. b4 a6 17. a4 b6 18. Rb1 bxc5 19. bxc5 Kd7 20. Qe2
Bd8 21. Rg3 Qf5 22. Rxg7 Bc7 23. Re1 Rhg8 24. Rxg8 Rxg8 25. Nd1 Bxh2+ 26.
Kxh2 Qf4+ 27. Kg1 Qxd4 28. Qxa6 Qxc5 29. Qd3 Rg6 30. Ne3 Bxa4 31. c4 d4 32.
Ra1 Bc6 33. Rd1 e5 34. g3 Ke8 35. Nf5 Rg5 36. Nh4 Bb7 37. Qxh7 Qc6 38. Kh2
Rg4 39. Rg1 Qf6 40. Rf1 e4 41. Qh5 Rg5 42. Qd1 Kf8 43. Qb1 Bc6 44. Qc1 Rh5
45. Kg1 Kg7 46. Qd1 Rg5 47. Ng2 Qe5 48. Qb1 Rg6 49. Qb2 Kh7 50. Rd1 Rd6 51.
Nf4 Qc5 52. Qb8 Rd7 53. Ng2 Qxc4 54. Qf4 Qe6 55. Nh4 Rd5 56. Re1 Re5 57.
Nf3 Rf5 58. Nxd4 Rxf4 59. Nxe6 Rg4 60. Nd4 Bd5 61. Nf5 Rg5 62. Ne3 Bc6 63.
Rc1 Bb5 64. Rc7 Kg6 65. Re7 Bd3 66. Kg2 Kf6 67. Rc7 Be2 68. Rc6+ Kg7 69.
Rc7 1/2-1/2

[Event "61st ch-RUS HL w"]
[Site "Taganrog RUS"]
[Date "2011.06.19"]
[Round "4"]
[White "Bukhteeva,V"]
[Black "Kostrikina,A"]
[Result "1/2-1/2"]
[WhiteElo "2178"]
[BlackElo "2072"]
[EventDate "2011.06.15"]

1. e4 c5 2. Nf3 e6 3. c4 d6 4. Nc3 Nc6 5. d4 cxd4 6. Nxd4 Nf6 7. Be3 Be7 8.
Be2 O-O 9. O-O a6 10. Qd2 Bd7 11. Rfd1 Rc8 12. Rac1 Ne5 13. b3 Neg4 14. Bg5
h6 15. Bxg4 hxg5 16. Be2 Re8 17. h3 Qa5 18. Nf3 g4 19. hxg4 Nxg4 20. Nd5
Qc5 21. Nxe7+ Rxe7 22. Nd4 Nf6 23. Qd3 Qe5 24. Bf3 Be8 25. Ne2 Bc6 26. Nc3
Rd8 27. Qd4 Ree8 28. a4 Qc5 29. Rc2 Qb4 30. Rb2 Qa3 31. Ra2 Qb4 32. g3 a5
33. Kg2 Qc5 34. Rad2 Qb4 35. Rb2 Qa3 36. Rbb1 Qb4 37. Rd3 Kf8 38. g4 Qc5
39. Rh1 e5 40. Qe3 Qxe3 41. fxe3 g5 42. Kg3 Ke7 43. Rb1 Nd7 44. Rd2 Nc5 45.
Bg2 Rh8 46. Rf2 f6 47. Rd2 Rh7 1/2-1/2

[Event "61st ch-RUS HL w"]
[Site "Taganrog RUS"]
[Date "2011.06.19"]
[Round "4"]
[White "Zizlova,S"]
[Black "Severiukhina,Z"]
[Result "0-1"]
[WhiteElo "2149"]
[BlackElo "2291"]
[EventDate "2011.06.15"]

1. e4 c5 2. Nf3 d6 3. d4 cxd4 4. Nxd4 Nf6 5. Nc3 a6 6. Be3 e6 7. f3 b5 8.
Qd2 Nbd7 9. O-O-O Bb7 10. g4 Nb6 11. Nb3 Rc8 12. Qf2 Nfd7 13. Kb1 Rxc3 14.
bxc3 Na4 15. Bd2 Qc7 16. Bd3 Be7 17. g5 Ne5 18. f4 Nc4 19. Be1 d5 20. exd5
Bxd5 21. Rf1 Ba3 22. f5 Ncb2 23. Rc1 O-O 24. fxe6 Nxd3 25. cxd3 fxe6 26.
Qg3 Qxg3 27. Rxf8+ Kxf8 28. hxg3 Bxc1 29. Nxc1 Kf7 30. Kc2 Kg6 31. Bd2 Kf5
32. a3 e5 33. Be3 Kg4 34. c4 bxc4 35. dxc4 Bxc4 36. Nb3 Kxg3 37. Nd2 Bd5
38. Nb3 Kf3 39. Bg1 Kf4 40. Bh2+ Kf5 41. Nc1 e4 42. Bg1 Kxg5 43. Bd4 g6 44.
Kd2 h5 45. Ke3 Kg4 46. Ne2 g5 47. Kf2 h4 0-1

[Event "61st ch-RUS HL w"]
[Site "Taganrog RUS"]
[Date "2011.06.19"]
[Round "4"]
[White "Goryachkina,A"]
[Black "Belenkaya,D"]
[Result "1/2-1/2"]
[WhiteElo "2103"]
[BlackElo "2198"]
[EventDate "2011.06.15"]

1. d4 d5 2. c4 c6 3. Nc3 Nf6 4. e3 a6 5. Nf3 b5 6. b3 Bg4 7. Qc2 Nbd7 8.
Be2 e6 9. O-O b4 10. Na4 Bd6 11. a3 a5 12. c5 Bb8 13. h3 Bxf3 14. Bxf3 Qc7
15. g3 h5 16. h4 Ra7 17. axb4 axb4 18. Bd2 g5 19. hxg5 Ne4 20. Bxe4 dxe4
21. Qxe4 h4 22. f4 hxg3 23. Be1 Nf8 24. Qe5 Qxe5 25. dxe5 Nd7 26. Bxg3 Ra5
27. Rfc1 Rb5 28. Rc4 Ke7 29. Be1 Rh3 30. Re4 Bc7 31. Bxb4 Rb8 32. Nb6 Bxb6
33. cxb6+ c5 34. Ba5 Nxb6 35. Bxb6 Rxb6 36. Ra7+ Kf8 37. Kg2 Rh4 38. Ra3
Rg4+ 39. Kf2 Rh4 40. Ke2 Rh1 41. Kd2 Kg7 42. Kc2 Rb5 43. Ra7 Re1 44. Rd7
Ra5 45. Rd2 Kg6 46. Kd3 Rb1 47. Kc3 Re1 48. Rd3 Ra2 49. Rd2 Ra5 50. Kd3 Rb1
51. Kc2 Re1 52. Kb2 Kf5 53. Rc4 Rxe3 54. Rd7 Kg6 55. Rc7 Rb5 56. Rc3 Re2+
57. Kb1 Re1+ 58. Kb2 Re2+ 59. Rc2 Re3 60. Rc3 Re2+ 61. Kb1 Rb4 62. R7xc5
Rxf4 63. Rc2 Ree4 64. Kb2 Kxg5 65. Rg2+ Rg4 66. Rxg4+ Kxg4 67. Kc3 Kf5 68.
b4 f6 69. b5 Re1 70. exf6+ Kxf6 71. Kc4 Ke7 72. Rc7+ Kd6 73. Rc6+ Kd7 74.
Ra6 Kc7 75. Kc5 Re5+ 76. Kd4 Rxb5 1/2-1/2